00241nam a2200109Ia 4500008004100000041001200041082001100053100001400064245004100078260000600119650000600125221030s9999 xx 000 0 und d aEnglish a105.23 aF.P. Beer 0aMechanics of Materialscby F.P. Beer c0 aB